| 000 | 00504nam a22001697a 4500 | ||
|---|---|---|---|
| 005 | 20251108174911.0 | ||
| 008 | 250721s2010 xx 000 0 ara d | ||
| 082 | 1 | 4 | _a940.53/خضر |
| 100 | 1 |
_aخضر، هشام _eمؤلف |
|
| 245 | 1 | 0 | _aالحرب العالمة الثانية 1939-1945 / |
| 264 | 1 |
_aمصر : _bمكتبة النافذة، _c2010. |
|
| 300 | _a576ص. | ||
| 650 | 1 | 7 | _aالحرب العالمية الثانية |
| 650 | 1 | 7 | _aالتاريخ |
| 942 |
_2ddc _cBK |
||
| 999 |
_c121026 _d121026 |
||